[Event "Madrid-ch Seniors"]
[Site "Madrid"]
[Date "2016.01.19"]
[Round "7"]
[White "Caballero Cuno, Jose Domingo"]
[Black "Martin Rodriguez, Emilio"]
[Result "0-1"]
[WhiteElo "1914"]
[BlackElo "2142"]
[PlyCount "62"]
[EventDate "2016.01.11"]
[EventType "swiss"]
[EventRounds "9"]
[EventCountry "ESP"]
[SourceTitle "CBM 170 Extra"]
[Source "ChessBase"]
[SourceDate "2016.02.25"]
[SourceVersion "1"]
[SourceVersionDate "2016.02.25"]
[SourceQuality "1"]

1. e4 c6 2. d4 d5 3. e5 c5 4. dxc5 e6 5. Be3 Ne7 6. c3 Nf5 7. Bd4 Nxd4 8. cxd4 b6 9. b4 Bd7 10. Nc3 Be7 11. Nf3 0-0 12. Bd3 bxc5 13. bxc5 Nc6 14. 0-0 Qa5 15. Qd2 f6 16. Rfe1 fxe5 17. Nxe5 Nxe5 18. Rxe5 g6 19. Re2 Bg5 20. Qc2 Bf6 21. Rd1 Bxd4 22. Nxd5 Ba4 23. Ne7+ Kg7 24. Qd2 Qxd2 25. Rdxd2 Bc3 26. Rc2 Bf6 27. Nxg6 Bxc2 28. Nxf8 Bxd3 29. Nxe6+ Kf7 30. Rd2 Bc4 31. Nf4 Rd8 0-1